神戸市バスのバスターミナル・転回場 - Statistics

General Stats
  • This quiz has been taken 4 times
  • The average score is 18 of 53
Answer Stats
答え 備考 % Correct
東灘区 阪神御影 阪神駅併設
100%
中央区 三宮駅ターミナル前 地下鉄・JR・阪急・阪神・AGT駅併設
100%
垂水区 垂水駅 JR・山陽駅近接
100%
灘区 六甲ケーブル下 ケーブル駅併設
75%
須磨区 須磨一の谷
75%
須磨区 名谷駅前 地下鉄駅併設
75%
垂水区 学が丘 市バス営業所近接
75%
西区 西神南駅前 地下鉄駅併設
75%
西区 西神中央駅前 地下鉄駅併設
75%
北区 谷上駅 地下鉄・神鉄駅併設
75%
明石市 朝霧駅前 JR駅併設
75%
灘区 JR六甲道 JR駅併設
75%
灘区 石屋川車庫前 市バス営業所
50%
灘区 阪急六甲 阪急駅併設
50%
須磨区 妙法寺駅前 地下鉄駅併設
50%
垂水区 垂水東口 JR・山陽駅近接
50%
垂水区 舞子駅前 JR・山陽駅近接
50%
西区 学園都市駅前 地下鉄駅併設
50%
西区 伊川谷駅 地下鉄駅併設
50%
西区 西体育館
50%
北区 神戸北町 市バス操車場
50%
東灘区 JR甲南山手 JR駅近接/駅開業より転回場設置が先
50%
東灘区 魚崎車庫前 市バス営業所
25%
中央区 新神戸駅前 地下鉄・JR駅近接
25%
中央区 神戸駅前 地下鉄・JR・阪急・阪神駅併設
25%
須磨区 北須磨団地
25%
須磨区 白川台
25%
垂水区 垂水警察署前 市バス営業所近接 上記とほぼ同一の停留所
25%
北区 箕谷駅前 神鉄駅近接
25%
北区 衝原
25%
北区 森林植物園前 施設敷地内/冬季運用なし
25%
北区 病院前 (しあわせの村) 施設敷地内 操車所とバスターミナルは近接別位置
25%
須磨区 JR鷹取駅 JR駅近接
25%
東灘区 渦森台
0%
中央区 第五突堤 市バス営業所併設
0%
兵庫区 吉田町1丁目 交通局本社併設
0%
須磨区 神戸須磨シーワールド 操車所は施設敷地内
0%
須磨区 星城高校 高校敷地内
0%
須磨区 若草町
0%
須磨区 東白川台
0%
垂水区 柏台
0%
垂水区 青山台
0%
垂水区 県商前
0%
垂水区 舞子高校前
0%
垂水区 掖済会病院前 病院敷地内/市バス便は通過系統のみ
0%
垂水区 多聞団地センター
0%
垂水区 神陵台
0%
垂水区 大門橋 市バス営業所近接
0%
北区 ひよどり台
0%
須磨区 南落合4丁目 市バス営業所近接
0%
兵庫区 松原通5丁目 市バス営業所併設
0%
西区 狩場台5丁目
0%
灘区 JR灘 JR駅近接/市バスは通過系統のみ
0%
No matching quizzes found
Score Distribution
Percent of People with Each Score
Percentile by Number Answered
Your Score History
You have not taken this quiz